1840 1986 1040 1663 1978 1012 1795 1080 1062 1073 1323 1076 1726 1264 1147 1111 1498 1726 1661 1318 1617 1474 1701 1075 1396 1559 1485 1838 1104 1156 1241 1239 1366 1277 1353 1666 1927 1381 1693 1390 1606 1808 1584 1300 1748 1941 1725 1727 1144 1117 1601 1467 1922 1155 1304 1703 1493 1000 1156 1766 1758 1892 1886 1573 1624 1527 1473 1753 1842 1009 1452 1056 1223 1022 1358 1283 1493 1599 1795 1408 1864 1644 1928 1732 1303 1915 1454 1701 1028 1057 1510 1503 1517 1382 1275 1730 1724 1475 1770 BCNSPRNW ULIB Ver.6.0+V

เปลี่ยนเป็นภาษาไทย

Change to English
 แสดงรายละเอียดบรรณานุกรม
  กลับหน้าหลัก

Brief Record : Get Marc (ISO 2709) : E-mail record : QR code < ปิดหน้าต่าง
LEADER : 00000nam 2200000uu 4500
001    13399123856
003     ULIB
008    141212s2556||||th 000 0 tha d
020    ^a9786162790409
060  4 ^aWO500^bม482H
110 1  ^aมหาวิทยาลัยมหิดล.^bคณะแพทยศาสตร์ศิริราชพยาบาล
245 00 ^aHead neck and breast surgery, volume 6 /^cบรรณาธิการ ; สืบวงศ์ จุฑาภิสิทธิ์, วราภรณ์ อิ่มฤทัยเจริญโชค, มงคล บุญศรีพิทยานนท์
250    ^aพิมพ์ครั้งที่ 1
260    ^aกรุงเทพฯ :^bภาควิชาศัลยศาสตร์ คณะแพทยศาสตร์ศิริราชพยาบาลมหาวิทยาลัยมหิดล,^c2556
300    ^a227 หน้า :^bภาพประกอบ ;^c21 ซม
504    ^aบรรณานุกรมท้ายบท
650  7 ^aศีรษะ^xการผ่าตัด
650  7 ^aคอ^xการผ่าตัด
650  7 ^aหน้าอก^xการผ่าตัด
650  7 ^aเต้านม^xการผ่าตัด
700 0  ^aสืบวงศ์ จุฑาภิสิทธิ์,^eบรรณาธิการ
700 0  ^aวราภรณ์ อิ่มฤทัยเจริญโชค,^eบรรณาธิการ
700 0  ^aมงคล บุญศรีพิทยานนท์,^eบรรณาธิการ
700 0  ^aโสภาคย์ มนัสนยกรณ์.^tBreast conserving surgery afterneoadjuvant systemic treatment
700 0  ^aอภิชัย อังสพัทธ์.^tExperience in microsurgical reconstructionin head and neck cancer
710 2  ^aจุฬาลงกรณ์มหาวิทยาลัย.^bภาควิชาศัลยศาสตร์
945    ^p500^l0^i22397
945    ^p500^l0^i22398
999    ^aทศพร เกษรทอง
รายการนี้ยังไม่มีแท็ก
คุณยังไม่ได้ล็อกอิน คุณสามารถมีกิจกรรมร่วมกับเว็บไซต์ได้ แต่ต้องล็อกอินก่อน ::
  ล็อกอิน

รายการสื่อสารสนเทศ

ลำดับที่ ประเภท เลขเรียก/บาร์โค้ด สถานที่ สถานะ
1. วิทยาศาสตร์การแพทย์ และสุขภาพ
วิทยาศาสตร์การแพทย์ และสุขภาพ
สถานะ=หนังสือเก่า
WO500 ม482H ฉ.1 
  Barcode: 22397
ห้องสมุดวิทยาเขตนครสวรรค์
►ส่วนจัดเก็บหนังสือเก่า นว.
บนชั้น
  ขอยืม
2. วิทยาศาสตร์การแพทย์ และสุขภาพ
วิทยาศาสตร์การแพทย์ และสุขภาพ
สถานะ=หนังสือเก่า
WO500 ม482H ฉ.2 
  Barcode: 22398
ห้องสมุดวิทยาเขตนครสวรรค์
►ส่วนจัดเก็บหนังสือเก่า นว.
บนชั้น
  ขอยืม

BibComment


ยังไม่เคยถูกคอมเมนท์

คอมเมนท์ทรัพยากรรายการนี้
  คอมเมนท์: Head neck and br..


 Copyright 2026. Bcnsprnw @Library